Catálogo público

Evaluación de impacto ambiental, generado por la construcción de una línea de transmisión eléctrica, en los Estados de Durango y Coahuila de Zaragoza (Record no. 109341)

MARC details
000 -CABECERA
campo de control de longitud fija 01319nam a2200337 a 4500
001 - NÚMERO DE CONTROL
campo de control 000112880
003 - IDENTIFICADOR DEL NÚMERO DE CONTROL
campo de control CHAP
005 - FECHA Y HORA DE LA ÚLTIMA TRANSACCIÓN
campo de control 20220329144326.0
008 - DATOS DE LONGITUD FIJA--INFORMACIÓN GENERAL
campo de control de longitud fija 170130s2016 mx sm |||||||spa d
010 ## - NÚMERO DE CONTROL DE LA BIBLIOTECA DEL CONGRESO
Número de control de LC 109341
011 ## - ENLACE DEL NUMERO DE CONTROL DE LA BIBLIOTECA DEL CONGRESO [OBSOLETO]
Número de control de LC 110313
040 ## - FUENTE DE LA CATALOGACIÓN
Centro/agencia transcriptor CHAP
090 ## - LOCALMENTE ASIGNADO TIPO-LC NÚMERO DE CLASIFICACIÓN (OCLC); NÚMERO DE CLASIFICACIÓN LOCAL (RLIN)
Número de clasificación (OCLC) (R) ; Numero de clasificación, CALL (RLIN) (NR) Tesis
100 1# - ENTRADA PRINCIPAL--NOMBRE DE PERSONA
Nombre de persona Bautista Avendaño, Joel
9 (RLIN) 131407
245 10 - MENCIÓN DE TÍTULO
Título Evaluación de impacto ambiental, generado por la construcción de una línea de transmisión eléctrica, en los Estados de Durango y Coahuila de Zaragoza
Medio [En línea]
Mención de responsabilidad, etc. por Joel Bautista Avendaño y Gregorio Mendoza Guzmán.
260 ## - PUBLICACIÓN, DISTRIBUCIÓN, ETC.
Lugar de publicación, distribución, etc. Chapingo, Méx. :
Nombre del editor, distribuidor, etc. El autor,
Fecha de publicación, distribución, etc. 2016.
500 ## - NOTA GENERAL
Nota general Para ver el contenido del material haga clic en la liga
502 ## - NOTA DE TESIS
Nota de tesis Tesis (Ing. Forestal) -- UACH. División de Ciencias Forestales
590 ## - NOTA LOCAL (RLIN)
Nota local BATCH
Procedencia (VM) [OBSOLETO] 00
Condición del los carretes individuales (VM) [OBSOLETO] 20181121
-- UCH01
-- 0758
590 ## - NOTA LOCAL (RLIN)
Nota local E11695DGD
Procedencia (VM) [OBSOLETO] 10
Condición del los carretes individuales (VM) [OBSOLETO] 20170131
-- UCH01
-- 0925
590 ## - NOTA LOCAL (RLIN)
Nota local E5765TAJ
Procedencia (VM) [OBSOLETO] 05
Condición del los carretes individuales (VM) [OBSOLETO] 20170130
-- UCH01
-- 0923
650 14 - PUNTO DE ACCESO ADICIONAL DE MATERIA--TÉRMINO DE MATERIA
Término de materia o nombre geográfico como elemento de entrada Energía eléctrica
Subdivisión general Aspectos ambientales.
9 (RLIN) 131409
650 14 - PUNTO DE ACCESO ADICIONAL DE MATERIA--TÉRMINO DE MATERIA
Término de materia o nombre geográfico como elemento de entrada Impacto ambiental
Subdivisión general Evaluación.
9 (RLIN) 131414
650 14 - PUNTO DE ACCESO ADICIONAL DE MATERIA--TÉRMINO DE MATERIA
Término de materia o nombre geográfico como elemento de entrada Medio ambiente
Subdivisión general Protección
Subdivisión geográfica Coahuila.
9 (RLIN) 130218
700 1# - PUNTO DE ACCESO ADICIONAL--NOMBRE DE PERSONA
Nombre de persona Mendoza Guzmán, Gregorio
9 (RLIN) 131408
856 ## - LOCALIZACIÓN Y ACCESO ELECTRÓNICOS
Nombre del host 1
Nombre de la localización del host 0000824
856 ## - LOCALIZACIÓN Y ACCESO ELECTRÓNICOS
Nombre del host Finding aid
Identificador Uniforme del Recurso <a href="http://10.13.5.2/tesis/sist112880.pdf">http://10.13.5.2/tesis/sist112880.pdf</a>
Nota pública Teclea aquí
901 ## - ELEMENTOS DE DATOS A LOCAL LDA (RLIN)
a BK
942 ## - ELEMENTOS DE PUNTO DE ACCESO ADICIONAL (KOHA)
Tipo de ítem Koha Tesis
942 ## - ELEMENTOS DE PUNTO DE ACCESO ADICIONAL (KOHA)
Suprimir en OPAC 0
Holdings
Estado de retiro Estado de pérdida Fuente del sistema de clasificación o colocación Estado dañado Restricciones de uso No para préstamo Código de colección Localización permanente Ubicación/localización actual Ubicación en estantería Fecha de adquisición Información codificada de la localización en otra ubicación Total de préstamos Signatura topográfica completa Código de barras Fecha visto por última vez Número de copia Precio válido a partir de Tipo de ítem Koha Nota pública
    Clasificación Universidad Autónoma de Chapingo   Préstamo 3 días   Tesis Biblioteca Central Biblioteca Central Planta alta - Área de Tesis - Tesis 30/01/2017 TESIS   Tesis 33724002532405 31/12/2019 c.2 31/12/2019 CD  
    Dewey Decimal Classification   Préstamo interno2 Excluido de préstamo Tesis Biblioteca Central Biblioteca Central   30/01/2017 TESIS   Tesis 33724002532446 31/12/2019   31/12/2019 CD Recien adquirido
    Dewey Decimal Classification       Tesis digitales de Licenciatura Biblioteca Digital Biblioteca Digital   13/02/2023         13/02/2023   13/02/2023 Tesis digital